000 00785cam a2200241 a 4500
008
020 _a9781868253074 (pbk.)
049 _aMAIN
090 _aQK394
_bVAN
100 1 _aVan Wyk, Piet.
245 1 0 _aSouthern African trees :
_ba photographic guide /
_cPiet van Wyk ; [illustrations, Nicci Page ; edited by Nicola Marshall].
260 _aCape Town :
_bStruik,
_c1993.
300 _a144 p. :
_bcol. ill. ;
_c19 cm.
500 _aIncludes index.
504 _aIncludes bibliographical references.
650 0 _aTrees
_zAfrica, Southern
_xIdentification.
650 0 _aBotany
_zAfrica, Southern.
907 _a.b1037002x
_b26-02-16
_c19-02-16
003
005 20230123122209.0
040 _cNUST
942 _cBOOKS
_kQK394
_mVAN
999 _c129485
_d129485